[Event "Vinkovci"]
[Site "Vinkovci"]
[Date "1995.??.??"]
[Round "?"]
[White "Keitlinghaus, Ludger"]
[Black "Kurajica, Bojan"]
[Result "0-1"]
[WhiteElo "2495"]
[BlackElo "2585"]
[Annotator "Hecht,H"]
[PlyCount "86"]
[EventDate "1995.04.??"]
[EventType "tourn"]
[EventRounds "11"]
[EventCountry "CRO"]
[EventCategory "9"]
[SourceTitle "CBM 048"]
[Source "ChessBase"]
[SourceDate "1995.10.01"]
[SourceVersion "1"]
[SourceVersionDate "1995.10.01"]
[SourceQuality "1"]

1. e4 c5 2. Nf3 Nc6 3. Bb5 e6 4. O-O Nge7 5. c3 a6 6. Ba4 b5 7. Bc2 Bb7 8. a4
Ng6 9. Re1 Be7 10. d4 cxd4 11. axb5 axb5 12. Rxa8 Qxa8 13. Nxd4 b4 14. Nb5 O-O
15. Be3 Nce5 16. cxb4 Bxb4 17. N1c3 Bc6 18. Qd4 Qa5 19. Nd6 Ng4 20. Nc4 Qh5 21.
h3 Nxe3 22. Nxe3 Bc5 23. Qc4 Ne5 24. Qf1 Rb8 25. Rb1 Qg5 26. Qe2 h5 27. Kh1 Ng6
28. Ba4 Bxe3 29. fxe3 Rb4 30. Bxc6 dxc6 31. Rd1 c5 32. Ra1 Ne5 33. Ra8+ Kh7 34.
Rc8 Nc4 35. Nd1 Nd6 36. Rc7 Nxe4 37. Qf3 f5 38. Nc3 Nxc3 39. bxc3 {Q+R - Q+R 1
schwarzer Mehr-P, schlechte weiße R-Pos.  versteckter Mattangriff} Re4 40. Rxc5
Rxe3 41. Qf2 Re4 {Idee: Dc1+ nebst Te1} 42. Qf3 {xh5} h4 {droht Te1+ nebst Te3}
43. Kh2 (43. Kg1 Re1+ 44. Kf2 Qd2+ $19) (43. Qf2 Qg3 44. Kg1 Re1+ $19) 43...
Re3 $1 (43... Re3 44. Qf2 Qg3+ 45. Qxg3 hxg3+ 46. Kg1 Re1#) 0-1

[Event "Politiken zt"]
[Site "Munkebo"]
[Date "1998.09.14"]
[Round "2.2"]
[White "Djurhuus, Rune"]
[Black "Hansen, Sune Berg"]
[Result "1-0"]
[WhiteElo "2495"]
[BlackElo "2520"]
[Annotator "Hecht,H"]
[PlyCount "145"]
[EventDate "1998.09.10"]
[EventType "k.o."]
[EventRounds "5"]
[EventCountry "DEN"]
[SourceTitle "CBM 067"]
[Source "ChessBase"]
[SourceDate "1998.11.30"]
[SourceVersion "2"]
[SourceVersionDate "1998.11.01"]
[SourceQuality "1"]

1. e4 c5 2. Nf3 Nc6 3. Bb5 e6 4. O-O Nge7 5. c3 d5 6. exd5 Qxd5 7. Qe2 Bd7 8.
Rd1 Nf5 9. Bc4 Qd6 10. d4 cxd4 11. Na3 Be7 12. Bd3 O-O 13. Nb5 Qb8 14. Bxf5
exf5 15. cxd4 Bf6 16. Bg5 Bxg5 17. Nxg5 a6 18. Nc3 Qd6 19. Nf3 Rac8 20. d5 Na5
21. Rac1 Rfe8 22. Qd3 b5 23. a3 Nc4 24. Rc2 Nxb2 25. Rxb2 Qxa3 26. Ra2 Qxc3 27.
Qxc3 Rxc3 28. Rxa6 b4 29. Ra7 Rd8 30. h4 f6 31. Rb7 Bc6 32. Rxb4 Rxd5 33. Ra1
Rcd3 34. Ra6 Rb5 35. Rd4 Rxd4 36. Nxd4 Rb1+ 37. Kh2 Bb7 (37... Bd5 38. Nxf5 Re1
(38... Rb7 39. Ra8+ Kf7 40. Nd6+ $18) 39. Ra7 Bf7 40. h5 h6 41. g4 Re5 {
war vielleicht solider}) 38. Rd6 {Daß Schwarz dieses Endspiel verliert, ist
sehr erstaunlich.} g6 (38... Be4 39. Rd8+ Kf7 40. Rd7+ Kg6 41. Ne6 {[%csl Rg7]}
) (38... Rd1 39. Rd8+ Kf7 40. Nc6 Rc1 41. Rd7+ Kf8 42. Nd4 Bc8 43. Ne6+ Ke8 {
war möglich}) 39. Rxf6 Bd5 (39... Rb4 40. Ne6 Rxh4+ 41. Kg1 h5 42. Rf8+ Kh7 43.
Rf7+ $18) 40. Rd6 Bf7 41. h5 Kg7 42. Rd7 gxh5 43. Nxf5+ Kf6 44. Ng3 Rb4 45. f3
Bg6 46. Rd5 Rh4+ 47. Kg1 Kg7 48. Kf2 Kh6 49. Ne2 Ra4 50. Kg3 Ra2 51. Nd4 Kg7
52. Rd6 Kf7 53. Rb6 Kg7 54. Ne6+ Kf7 55. Ng5+ Kg7 56. Rb7+ Kh6 57. Nh3 Rc2 58.
Nf4 Rc4 59. Nd5 Rc2 60. Ne3 Rc3 61. Re7 Ra3 62. f4 Rb3 63. Kh4 Rb4 64. g3 Ra4
65. Kh3 Bb1 66. Re6+ Kg7 67. Kh4 Ra5 68. Nc4 Ra2 69. Kg5 Bg6 70. Re7+ Kf8 71.
Rc7 Rg2 72. Kf6 Ke8 73. Nb6 1-0

[Event "MK Cafe Cup-A"]
[Site "Koszalin"]
[Date "1999.08.06"]
[Round "4"]
[White "Magomedov, Magaram"]
[Black "Shcherbakov, Ruslan"]
[Result "1/2-1/2"]
[WhiteElo "2604"]
[BlackElo "2541"]
[Annotator "Hecht,H"]
[PlyCount "152"]
[EventDate "1999.08.03"]
[EventType "swiss"]
[EventRounds "9"]
[EventCountry "POL"]
[SourceTitle "CBM 073"]
[Source "ChessBase"]
[SourceDate "1999.12.01"]
[SourceVersion "1"]
[SourceVersionDate "1999.12.01"]
[SourceQuality "1"]

1. e4 c5 2. Nf3 Nc6 3. Bb5 e6 4. O-O Nge7 5. c3 a6 6. Be2 d5 7. exd5 exd5 8. d4
c4 9. Re1 g6 10. b3 cxb3 11. axb3 Bg7 12. Nbd2 O-O 13. b4 Bf5 14. Nb3 Qc7 15.
Nc5 Rad8 16. Bg5 h6 17. Bh4 Rde8 18. Bg3 Qb6 19. Bd3 Bc8 20. Bd6 Qd8 21. Bg3
Na7 22. h3 Nec6 23. Qb3 Rxe1+ 24. Rxe1 Nb5 25. Bxb5 axb5 26. Ra1 b6 27. Nd3 Bf5
28. Nde5 Ne7 29. Ra7 h5 30. Qd1 Nc8 31. Nc6 Qe8 32. Rc7 Qe4 33. Nfe5 h4 34. f3
Qe3+ 35. Bf2 Qg5 36. Kh1 Bf6 37. Qe1 Be6 38. Be3 Qh5 39. Ng4 Bg7 40. Bf4 Kh8
41. Be5 Bxg4 42. Bxg7+ Kxg7 43. hxg4 Qg5 44. Qe5+ Kh6 45. Kh2 Qd2 46. Qf6 Qf2
47. g5+ Kh5 48. Qf4 Qg3+ 49. Qxg3 hxg3+ 50. Kxg3 Kxg5 51. Rd7 Kf6 52. Rxd5 Ke6
53. Rxb5 Kd6 54. Ne5 f6 55. Nd3 Kc6 56. c4 Nd6 57. d5+ Kc7 58. Nc5 Re8 59. Ne6+
Rxe6 60. dxe6 Nxb5 61. cxb5 {[#] Nach interessanter Abwicklung verbleibt Weiß
mit dem zunächst wertlosen und zudem bereits festgelegten doppelten b-Bauern.
Der spielt indes immer dann eine Rolle, wenn die Bauern am Königsflügel
abgetauscht werden und dem schwarzen König das Feld c5 verwehrt ist.} Kd6 62.
Kg4 Kxe6 63. f4 Kf7 (63... f5+ 64. Kg5 Kf7 65. Kh6 Kf6 66. g3 Kf7 67. Kh7 Kf6
68. Kg8 g5 69. fxg5+ Kxg5 70. Kf7 $18 {[%csl Rb6]}) (63... Kd5 64. f5 g5 65.
Kh5 Ke5 66. Kg6 g4 67. g3 Ke4 68. Kxf6 Kf3 69. Ke5 Kxg3 70. f6 $18) 64. f5 g5 (
64... gxf5+ 65. Kxf5 Ke7 66. Kg6 Ke6 67. g4 Ke7 68. Kg7 Ke6 69. Kf8 f5 70.
gxf5+ Kxf5 71. Ke7 Ke5 72. Kd7 Kd5 73. Kc7 $18 {[%cal Rb4c5]}) (64... Kg7 65.
Kf4 Kf7 66. fxg6+ Kxg6 67. Ke4 $1 Kg5 68. Kd5 Kg4 69. Kc6 Kg3 70. Kxb6 Kxg2 71.
Kc5 f5 72. b6 $18 {Es geht nur um ein Tempo.}) 65. Kf3 Ke7 66. Ke4 Kd6 67. Kd4
g4 68. g3 Ke7 69. Ke4 Kd6 70. Kf4 Kd5 71. Kxg4 Ke4 72. Kh5 Kxf5 73. Kh6 Ke6 {
[#] Schwarz hält in der Folge mit Hilfe der zugeordneten Felder das Remis,
weil Weiß das wichtige Tempo g4 verschleudert, bevor er seinen König
angenähert hat.} (73... Kg4 74. Kg6 f5 75. Kf6 $18) 74. g4 $2 (74. Kg6 $2 f5
75. Kg7 Ke7 76. Kh6 Kd6 $1 $11) (74. Kg7 $1 f5 (74... Ke7 75. g4 Ke6 76. Kf8
$18) (74... Ke5 75. g4 f5 76. gxf5 Kxf5 77. Kf7 Ke5 78. Ke7 Kd5 79. Kd7 Kc4 80.
Kc6 $18) (74... Kf5 75. Kf7 Kg5 76. g4 $18) 75. Kg6 Ke5 76. Kf7 $18) 74... Kd6
$1 75. Kh7 Kd7 $1 76. Kg8 (76. Kh8 Kd8 $1 $11) 76... Ke8 1/2-1/2

[Event "San Martin"]
[Site "San Martin"]
[Date "1994.??.??"]
[Round "9"]
[White "Zarnicki, Pablo Adrian"]
[Black "Larsen, Bent"]
[Result "0-1"]
[WhiteElo "2435"]
[BlackElo "2560"]
[Annotator "Hecht,H"]
[PlyCount "131"]
[EventDate "1994.04.??"]
[EventType "tourn"]
[EventRounds "11"]
[EventCountry "ARG"]
[EventCategory "9"]
[SourceTitle "CBM 042"]
[Source "ChessBase"]
[SourceDate "1994.10.01"]
[SourceVersion "1"]
[SourceVersionDate "1994.10.01"]
[SourceQuality "1"]

1. e4 c5 2. Nf3 Nc6 3. Bb5 e6 4. O-O Nge7 5. c3 a6 6. Ba4 b5 7. Bc2 Bb7 8. d4
cxd4 9. Nxd4 d5 10. Nxc6 Bxc6 11. e5 Ng6 12. Qh5 b4 13. Be3 Qc7 14. Re1 Be7 15.
Nd2 Nh4 16. Bg5 bxc3 17. bxc3 Bxg5 18. Qxg5 Ng6 19. Nf3 Qe7 20. Qh5 O-O 21.
Rab1 Rfc8 22. Ng5 h6 23. Nxf7 Qxf7 24. Bxg6 Qf4 25. Bc2 Qf7 26. Qh3 Rf8 27. Qe3
Bb5 28. a4 Bc4 29. Rb6 Rac8 30. Reb1 Ba2 31. Rb7 Rc7 32. Rxc7 Qxc7 33. Rb6 Bc4
34. a5 Qf7 35. f3 Rc8 36. Qd4 Bb5 37. Qg4 Rxc3 38. Bg6 Qd7 39. Rxe6 Qc8 40. Kf2
Bd7 41. Bf5 Qc5+ 42. Kg3 Bxe6 43. Bxe6+ Kh8 44. Qg6 Qe7 45. Bg4 Qxe5+ 46. Kh3
Rc7 47. Qxa6 h5 48. Be6 Kh7 49. Qd3+ g6 50. Qxd5 Qxd5 51. Bxd5 Rc5 52. Be4 Rxa5
53. g4 (53. Kg3 Kg7 54. h4 $10) 53... Kh6 54. gxh5 (54. Kg3 g5 55. h4 $10) (54.
Kg3 hxg4 55. Kxg4 Ra2 56. h4 $10) (54. Kg3 Ra3 55. h4 $10) 54... Rxh5+ 55. Kg3
Rg5+ 56. Kh3 (56. Kf2 Kh5 57. f4 Ra5 58. Kg3 Ra3+ 59. Bf3+ Kh6 60. h4 $10)
56... Kg7 57. Kh4 Rg2 58. Kh3 Rg1 59. Kh4 (59. f4 Kf6 60. Bd3 $13 (60. Bc2 Rc1
61. Be4 Rc4 62. Bf3 Rxf4 63. Kg3 g5 $19) 60... Rd1) 59... Kf6 60. Bd3 $2 (60.
f4 $1) 60... Ke5 61. Be4 g5+ 62. Kh5 (62. Kh3 g4+ 63. Kh4 Kf4 64. fxg4 Kxe4 65.
Kg5 Ke5 66. h4 Ke6 $19) 62... Kf4 63. h3 Rh1 64. Kg6 Rxh3 65. Bb7 Rh1 66. Bc6 (
66. Bc6 Rd1 67. Ba8 Rd8 68. Bb7 Rd6+ 69. Kh5 Rf6 70. Ba8 (70. Bd5 Ra6 71. Bb7
Rd6 72. Ba8 Rb6 $19) 70... Rb6 71. Bd5 g4 72. fxg4 Rb5 $19) 0-1

[Event "Imre Konig Memorial 1st"]
[Site "San Francisco"]
[Date "2002.09.15"]
[Round "9"]
[White "De Firmian, Nick E"]
[Black "Browne, Walter Shawn"]
[Result "1-0"]
[WhiteElo "2551"]
[BlackElo "2492"]
[Annotator "Hecht,H"]
[PlyCount "81"]
[EventDate "2002.09.04"]
[EventType "tourn"]
[EventRounds "9"]
[EventCountry "USA"]
[EventCategory "12"]
[SourceTitle "CBM 092"]
[Source "ChessBase"]
[SourceDate "2003.02.06"]
[SourceVersion "1"]
[SourceVersionDate "2003.02.06"]
[SourceQuality "1"]

1. e4 c5 2. Nf3 Nc6 3. Nc3 e5 4. Bc4 Be7 5. d3 d6 6. Nd2 Bg5 7. h4 Bxd2+ 8.
Bxd2 Nf6 9. a3 h6 10. Nd5 O-O 11. b4 Nxd5 12. Bxd5 Be6 13. Bxc6 bxc6 14. bxc5
dxc5 15. Bc3 f6 16. Qe2 Qd6 17. O-O Rf7 18. Rfd1 Rd8 19. Qe3 g5 20. f3 Rfd7 21.
Kf2 Kg7 22. g3 Rg8 23. Rh1 c4 24. Rad1 cxd3 25. Rxd3 Qc7 26. Rxd7+ Bxd7 27.
hxg5 hxg5 28. Bb4 a5 29. Bc5 Qb8 30. Qd2 Be6 31. Qxa5 Rh8 32. Rxh8 Qxh8 {
[#] Motive: Verteidigung, Gegenangriff, Matt} 33. Kg1 {[%csl Gh2]} Qh3 34. Qe1
{[%csl Gg3][%cal Ra3a4,Ra4a5]} g4 35. Qf2 {[%csl Gf3]} gxf3 36. Qxf3 Bg4 37.
Qd3 {[%csl Ga6,Ge2,Gg3]} Qh5 {Gibt den Angriff auf g3 auf...} 38. a4 Be2 {
...und auch die ehemalige Doppeldeckung von d7.} (38... Bf3 $142 39. Kf2 Bh1
40. a5 $18) 39. Qd7+ Kg6 (39... Kg8 40. Qd8+ Kh7 41. Qxf6 $18) ({Am zähesten
war} 39... Qf7 40. Qxc6 Qa2 41. Qd7+ Qf7 {weil ein Endspiel mit ungleichen
Läufern wegen der weißen Bauernschwächen sich nicht von selbst gewinnt.}) 40.
Bf8 {[%cal Rd7g7]} Qg5 (40... Qh8 41. Qf5+ Kf7 42. Bd6 Qe8 43. Kf2 Bd1 (43...
Ba6 44. Qh5+ $18) 44. Ke1 $18) 41. Kg2 {[%csl Gg3,Gh3][%cal Rd7g7,Rg7h7,Rh7h3]}
1-0

[Event "Itau Mercosul Cup 3rd"]
[Site "Sao Paulo"]
[Date "1999.??.??"]
[Round "5"]
[White "Rocha, Wellington Carlos"]
[Black "Vescovi, Giovanni P"]
[Result "0-1"]
[WhiteElo "2361"]
[BlackElo "2522"]
[Annotator "Hindemburg,Melao"]
[PlyCount "96"]
[EventDate "1999.10.??"]
[EventType "swiss"]
[EventRounds "9"]
[EventCountry "BRA"]
[SourceTitle "EXT 2000"]
[Source "ChessBase"]
[SourceDate "1999.11.16"]
[SourceVersion "1"]
[SourceVersionDate "1999.11.16"]
[SourceQuality "1"]

1. e4 c5 2. Nf3 Nc6 3. Nc3 e5 {>< d5 // >< d4} 4. Bc4 d6 5. d3 Be7 6. h3 Nf6 7.
Bg5 O-O 8. O-O Be6 9. Bxf6 (9. Re1 $5) 9... Bxf6 10. Nd5 g6 11. Nxf6+ Qxf6 12.
Nh2 Qe7 13. c3 Rad8 14. Qe2 d5 15. Bb5 Na5 16. exd5 Rxd5 17. Bc4 Nxc4 18. dxc4
Rd7 19. Qxe5 Bxc4 $11 20. Ng4 {(!)} f6 $1 21. Qxe7 Rxe7 22. Rfe1 Kf7 23. Rxe7+
Kxe7 24. Ne3 Be6 25. Rd1 Rd8 26. Rxd8 Kxd8 $15 {nesse final, com centro aberto
e Peões nas duas alas, o Bispo joga mais que o Cavalo. O fato do Rei preto
estar mais centralizado também representa uma pequena vantagem. Mas o
resultado natural й o empate, porque os Peões brancos não apresentam
debilidades e o Cavalo branco está numa posição confortável.} 27. a3 Kc7 28.
Kf1 Kb6 29. Ke2 Kb5 30. Kd3 Ka4 (30... Bb3 31. c4+ Ka5 32. Kc3 $11) 31. Kc2 Kb5
32. Kd3 g5 33. c4+ Kc6 34. g4 Kd6 35. Ke4 $11 Bd7 {o Cavalo das Brancas joga
um pouco mais do que o Bispo preto, mas as Brancas não podem tentar forçar,
porque todas as rupturas serão favoráveis a quem possui o Bispo.} 36. Nd5 (36.
Nf5+ $2 Ke6 $1 (36... Bxf5+ $2 37. Kxf5 Ke7 38. b4 b6 39. b5 h6 40. Ke4 Ke6 41.
a4 Kd6 42. Kf5 Ke7 43. Kg6 Ke6 44. Kxh6 Ke5 45. Kg6 Ke6 46. f3 Ke5 47. Kf7 Kd4
48. Kxf6 Kxc4 49. Kxg5 Kb4 50. Kf5 c4 51. g5 c3 52. g6 c2 53. g7 c1=Q 54. g8=Q
$16) 37. Ne3 Bc6+ 38. Kd3 Ke5 $17) (36. b4 $5) (36. f4 $5) 36... Ke6 (36... Bc6
$2 37. Kf5 $8 Bxd5 $8 38. cxd5 Kxd5 39. Kxf6 c4 40. Kxg5 b5 41. Kh6 (41. f4 $2
a5 42. f5 b4 43. f6 Ke6 $19) 41... a5 42. Kxh7 b4 43. axb4 axb4 44. g5 c3 45.
bxc3 bxc3 46. g6 c2 47. g7 c1=Q 48. g8=Q+ $18) 37. Nc7+ Kf7 38. f4 Bc6+ 39. Kf5
h6 40. Nd5 $2 {[#]} (40. Nb5 $142) {[%tqu "En","Qual o melhor lance para as
Pretas?","","","c6d5","uma bela combinação!",20]} 40... Bxd5 $3 $19 {uma bela
combinação!} 41. cxd5 b5 42. fxg5 hxg5 {(!!) evidentemente fxg5 й melhor, mas
até com hxg5 as Pretas vencem!} 43. d6 (43. Ke4 Ke7 44. Kd3 (44. Kf5 a5 $19)
44... Kd6 45. Ke4 a5 46. a4 bxa4 $19) 43... c4 44. d7 Ke7 45. d8=Q+ Kxd8 46.
Kxf6 a5 47. Ke5 {aparentemente salvando a partida. Mas...} ({evidentemente não
serve} 47. Kxg5 {em vista a} b4 $19) 47... b4 48. axb4 (48. Kd4 c3 $1 $19) {
[%tqu "En","Qual o melhor lance para as Pretas?","","","c4c3","",10,"a5b4","",
0]} 48... c3 $3 (48... axb4 49. Kd4) 0-1

[Event "Maribor Pirc Memorial"]
[Site "Maribor"]
[Date "1994.??.??"]
[Round "5"]
[White "Grosar, Aljosa"]
[Black "Kozul, Zdenko"]
[Result "0-1"]
[WhiteElo "2435"]
[BlackElo "2575"]
[Annotator "Horvath,Ta"]
[PlyCount "80"]
[EventDate "1994.02.??"]
[EventType "tourn"]
[EventRounds "11"]
[EventCountry "SLO"]
[EventCategory "9"]
[SourceTitle "CBM 040"]
[Source "ChessBase"]
[SourceDate "1994.06.01"]
[SourceVersion "1"]
[SourceVersionDate "1994.06.01"]
[SourceQuality "1"]

1. e4 c5 2. Nf3 Nc6 3. Bb5 Na5 4. d4 (4. c3 $1 a6 5. Be2 (5. Ba4 b5 6. Bc2 d5
7. d4 dxe4 8. Bxe4 Bb7 9. Bxb7 Nxb7 10. O-O Nf6 11. Qe2 e6 12. Bg5 Be7 13. a4
b4 14. dxc5 bxc3 {Zapolskij-Dambrauskas/Cuxhaven/1993} 15. b4 $1 a5 16. c6 Nd6
17. b5 $16) 5... d6 6. d4 cxd4 7. cxd4 g6 8. Bd2 Bd7 9. Bc3 Bg7 10. Qd2 Nc6 11.
d5 $16 {Strirenkov-Lisenko/Podolsk/1993}) 4... a6 5. Be2 cxd4 6. Nxd4 Qc7 7.
O-O e6 8. Qd3 (8. c4 $5 Nxc4 9. Bxc4 Qxc4 10. Nc3 Nf6 11. Bf4 {/\Rc1;Na4~/=})
8... Nf6 9. c4 b6 10. Nc3 Bb7 11. b3 $6 (11. f3 $1 {/\Be3;Rad1+/=}) 11... Bb4
12. f3 b5 $1 13. Bd2 bxc4 14. bxc4 Bc5 15. Kh1 Nc6 16. Nxc6 Bxc6 17. f4 d6 18.
f5 e5 19. Nd5 Bxd5 20. cxd5 h6 21. Rfc1 Qa7 22. Rc4 O-O 23. Qg3 Bf2 24. Qf3
Rfc8 25. Rac1 Rxc4 26. Rxc4 Rb8 27. Qd3 Rb2 28. Ra4 Qc5 29. Rc4 (29. g3 $2 Qc2
$1 $19) 29... Qb6 30. Rc2 Rb1+ 31. Rc1 Rxc1+ 32. Bxc1 Qa5 33. Bd2 Qxa2 34. g3
a5 35. Kg2 Bc5 36. Kf3 a4 37. Bc3 a3 38. Qc4 Qb1 39. Kg2 a2 40. Qa6 Bd4 0-1

[Event "Alushta1"]
[Site "Alushta"]
[Date "1994.??.??"]
[Round "7"]
[White "Gipslis, Aivars P"]
[Black "Manakova, Maria"]
[Result "1-0"]
[WhiteElo "2480"]
[BlackElo "2315"]
[Annotator "Horvath,Ta"]
[PlyCount "59"]
[EventDate "1994.01.??"]
[EventType "tourn"]
[EventRounds "9"]
[EventCountry "UKR"]
[EventCategory "8"]
[SourceTitle "CBM 040"]
[Source "ChessBase"]
[SourceDate "1994.06.01"]
[SourceVersion "1"]
[SourceVersionDate "1994.06.01"]
[SourceQuality "1"]

1. e4 c5 2. Nf3 Nc6 3. Nc3 e5 4. Bc4 d6 5. d3 Be7 6. Nd2 $5 (6. Nd5 Nf6 7. c3
Nxd5 8. Bxd5 O-O 9. O-O Be6 $10) (6. O-O Nf6 7. Ng5 O-O 8. f4 exf4 9. Bxf4 h6
10. Nf3 Be6 $10 {Landa-Gagarin/Bratislava/1990}) 6... Bg5 7. h4 Bh6 8. g4 Bxd2+
(8... Bf4 $2 9. Nd5 Nf6 10. Nxf4 exf4 11. f3 $16) 9. Bxd2 Nd4 $6 (9... Be6 {
Nge7;d5}) 10. a4 h5 11. gxh5 Nf6 12. Bg5 Bg4 13. Qxg4 $1 (13. Bxf6 Qc8 14. Qc1
Nf3+ 15. Kf1 gxf6 16. Nd5 $14) 13... Nxg4 14. Bxd8 Rxd8 15. Kd2 Rxh5 16. Nb5
Nf3+ (16... a6 $2 17. Nxd4 cxd4 18. Rag1 $18 Nxf2 $2 19. Rh2) 17. Ke2 Ngh2 18.
Nxa7 Rxh4 19. c3 Ke7 20. a5 Ra8 21. Nb5 Ng5 22. Nc7 Rb8 23. b4 $16 cxb4 24.
cxb4 Rc8 25. Nd5+ Kf8 26. b5 Rxc4 (26... Nxe4 27. Nb6 $18) 27. dxc4 Rxe4+ 28.
Ne3 Ng4 29. a6 bxa6 30. bxa6 1-0

[Event "Biel SKA"]
[Site "Biel"]
[Date "1996.08.03"]
[Round "11"]
[White "Glek, Igor Vladimirovich"]
[Black "Portisch, Lajos"]
[Result "1/2-1/2"]
[WhiteElo "2670"]
[BlackElo "2600"]
[Annotator "Horvath,Ta"]
[PlyCount "55"]
[EventDate "1996.07.22"]
[EventType "tourn"]
[EventRounds "11"]
[EventCountry "SUI"]
[EventCategory "16"]
[SourceTitle "CBM 055"]
[Source "ChessBase"]
[SourceDate "1996.12.01"]
[SourceVersion "1"]
[SourceVersionDate "1996.12.01"]
[SourceQuality "1"]

1. e4 c5 2. Nf3 Nc6 3. Bb5 e6 4. O-O Nge7 5. Re1 (5. b3 Ng6 6. Bb2 f6 7. Re1
Be7 8. c3 Qb6 $6 9. Bf1 Nge5 10. Na3 $14 {Akopjan-Kurajica/Ubeda/1996}) 5...
Ng6 {Mir besser gefählt als 5...-a6} 6. c3 (6. Bxc6) (6. d4 {Sind die
Alternativen}) 6... d5 7. exd5 Qxd5 8. d4 cxd4 9. c4 (9. Nxd4 Bd7 10. Nxc6 Qxb5
11. Nd4 Qd5 $15) 9... Qd6 10. Nxd4 Bd7 11. Be3 Qc7 12. Nc3 Bd6 13. Qh5 O-O 14.
Ne4 (14. Nf3 $6 Nf4 15. Bxf4 Bxf4 16. Rad1 Rad8 $15) 14... Nxd4 15. Bxd4 Bxb5
16. cxb5 Be7 $1 {Gegen Doppelangriff 17.Ng5 und 17.Nd6-Qd6 18.Bc5} 17. Ng5 Bxg5
18. Qxg5 Rfd8 19. Qe3 Qc4 20. Bxa7 Qxb5 21. Qb3 Qxb3 22. axb3 Rd3 (22... Rd2 $2
23. Be3) 23. b4 h6 24. g3 Ne7 25. Bc5 Rxa1 26. Rxa1 Nd5 27. Ra8+ Kh7 28. Rb8
1/2-1/2

[Event "Biel SKA"]
[Site "Biel"]
[Date "1996.07.27"]
[Round "5"]
[White "Glek, Igor Vladimirovich"]
[Black "Milov, Vadim"]
[Result "0-1"]
[WhiteElo "2670"]
[BlackElo "2565"]
[Annotator "Horvath,Ta"]
[PlyCount "96"]
[EventDate "1996.07.22"]
[EventType "tourn"]
[EventRounds "11"]
[EventCountry "SUI"]
[EventCategory "16"]
[SourceTitle "CBM 055"]
[Source "ChessBase"]
[SourceDate "1996.12.01"]
[SourceVersion "1"]
[SourceVersionDate "1996.12.01"]
[SourceQuality "1"]

1. e4 c5 2. Nf3 Nc6 3. Bb5 e6 4. O-O Nge7 5. Re1 Nd4 {Nach 5.Nc3 spielt
Schwarz oft Nd4, hier die populärste Antwort ist a6.} 6. Nxd4 cxd4 {Vielleicht
besser ist mit 7.c3 das Zentrum zu öffnen.} 7. d3 $6 (7. c3 a6 8. Bf1 (8. Ba4
$5) 8... Nc6 9. a4 $6 Be7 10. Na3 O-O 11. Nc2 d5 12. e5 f6 $1 {Szmetan-Milos/
Buenos Aires/1996}) 7... a6 8. Ba4 Nc6 9. Nd2 b5 10. Bb3 g6 $5 11. Nf3 $6 (11.
f4 Bg7 12. Nf3 O-O 13. Qe2 a5 14. a3 Bb7 15. Qf2 $13) 11... Bg7 12. Bg5 Qc7 13.
Rc1 O-O 14. Qd2 a5 $1 15. a4 $2 (15. a3 $142) 15... b4 16. Bh6 Ba6 17. Bxg7
Kxg7 18. c3 Qd6 $1 19. c4 $2 (19. e5 $2 dxc3 $19) (19. cxd4 Nxd4 20. Nxd4 Qxd4
21. Bc4 $10) 19... Qc5 $1 $17 20. e5 f6 21. exf6+ Rxf6 22. Ng5 Rf5 23. Ne4 Qe7
24. Ng3 Rf7 25. Re4 Raf8 26. f3 Bb7 27. Rce1 Qc5 28. Bd1 e5 $1 $17 29. Qg5 d6
30. Rh4 Nd8 $1 31. Qh6+ Kg8 32. Ne4 Bxe4 33. fxe4 Re8 34. Bg4 Qc7 35. Rh3 Nb7
36. b3 Nc5 37. Bd1 Ref8 38. Rg3 Rf4 39. h3 Qg7 $1 $19 {Dieses Endspiel ist
leicht gewonnend für Schwarz.} 40. Qxg7+ Kxg7 41. Rf3 Rxf3 42. gxf3 Nxd3 43.
Rf1 g5 44. Kg2 Rf4 45. Be2 Nc5 46. Rb1 Kf6 47. Rb2 h5 48. Bd1 g4 0-1

[Event "Gleisdorf op"]
[Site "Gleisdorf"]
[Date "1996.??.??"]
[Round "?"]
[White "Horvath, Tamas"]
[Black "Podlesnik, Bogdan"]
[Result "1-0"]
[WhiteElo "2410"]
[BlackElo "2410"]
[Annotator "Horvath,Ta"]
[PlyCount "87"]
[EventDate "1996.03.??"]
[EventType "swiss"]
[EventRounds "9"]
[EventCountry "AUT"]
[SourceTitle "CBM 052"]
[Source "ChessBase"]
[SourceDate "1996.06.01"]
[SourceVersion "1"]
[SourceVersionDate "1996.06.01"]
[SourceQuality "1"]

1. e4 c5 2. Nf3 Nc6 3. Bb5 e6 4. O-O Nge7 5. Nc3 a6 6. Bxc6 Nxc6 7. d4 cxd4 8.
Nxd4 d6 9. Re1 Bd7 10. Nxc6 bxc6 11. Re3 $1 (11. e5 d5 (11... dxe5 12. Rxe5 Be7
13. Bf4 O-O 14. Re3 $1 $14 Ra7 (14... Bc8 15. Qh5 g6 16. Qh6 f6 17. Rd1 Qb6 18.
Bd6 $1 $16 {Gipslis-Golod/Minsk/1993}) 15. Rd3 c5 16. Qh5 $40 {Gipslis-Sorokin/
Ostrava/1992}) 12. Bd2 c5 13. Qf3 Rb8 14. b3 Qh4 15. Bf4 Bc6 16. Bg3 Qh6 17.
Ne2 $14 {Kveinis-Zvjaginsev/Moscow/ol/1994}) 11... Be7 12. Rg3 (12. b3 $1 d5
13. Bb2 O-O 14. Qh5 $40) 12... Bh4 13. Rh3 (13. Rxg7 $2 Bxf2+) 13... e5 $6 (
13... d5 $142) 14. Rd3 Be7 15. b3 Qa5 16. a4 $1 Be6 17. Ba3 Rd8 18. Qd2 c5 19.
Rd1 $16 Qb6 (19... c4 20. b4 Qc7 21. Rg3 O-O 22. Qh6 g6 23. Nd5 Bxd5 24. Rh3
$18) 20. Rg3 Bf6 21. Nd5 Bxd5 22. Qxd5 O-O 23. Bb2 Rc8 24. Qc4 $1 Qc6 25. Rdd3
Rfd8 26. h3 Rd7 27. Bc3 Rcd8 28. Rd5 Rc8 29. Kh2 h6 30. Rgd3 Kh7 31. f4 Re8 32.
fxe5 Bxe5+ 33. Bxe5 Rxe5 34. Rxe5 dxe5 35. Rxd7 Qxd7 36. Qxc5 Qd2 37. Qxe5 Qxc2
38. Qd5 Qf2 $2 39. Qf5+ Qxf5 40. exf5 a5 41. Kg3 g5 42. Kf3 h5 43. Ke4 h4 44.
b4 1-0

[Event "Maribor Pirc Memorial"]
[Site "Maribor"]
[Date "1996.??.??"]
[Round "?"]
[White "Barle, Janez"]
[Black "Gostisa, Leon F"]
[Result "1/2-1/2"]
[WhiteElo "2430"]
[BlackElo "2425"]
[Annotator "Horvath,Ta"]
[PlyCount "93"]
[EventDate "1996.05.??"]
[EventType "tourn"]
[EventRounds "11"]
[EventCountry "SLO"]
[EventCategory "10"]
[SourceTitle "CBM 055"]
[Source "ChessBase"]
[SourceDate "1996.12.01"]
[SourceVersion "1"]
[SourceVersionDate "1996.12.01"]
[SourceQuality "1"]

1. e4 c5 2. Nf3 e6 3. Nc3 Nc6 4. Bb5 Nd4 5. a4 Ne7 6. Nxd4 cxd4 7. Ne2 a6 8.
Bc4 (8. Bd3 Nc6 9. c3 Bc5 10. b4 Bb6 11. Bb2 dxc3 $13) 8... Nc6 9. d3 Be7 10.
O-O O-O 11. Bd2 b6 12. Bb3 Bb7 13. f4 d5 14. exd5 (14. e5 f6 15. exf6 Bxf6 16.
Kh1 e5 17. fxe5 Nxe5 18. Nf4 Qd7 19. h3 $14) 14... exd5 15. f5 Bf6 16. Nf4 Ne5
17. Nh5 Re8 18. Nxf6+ Qxf6 19. Qh5 Nd7 20. Bg5 (20. Rae1 h6 21. Qg4 Nc5 $13)
20... Qe5 21. Qg4 Nf6 (21... f6 22. Bf4 Qe2 23. Qg3 Qh5 $13) 22. Qh4 h6 23.
Bxf6 (23. Bf4 Qxf5 24. Bxh6 Qg4 25. Bg5 Qxh4 26. Bxh4 $14) 23... Qxf6 24. Qxf6
gxf6 25. Rf4 a5 26. Rxd4 Re5 27. Rf1 Kh7 28. h3 Rg8 29. Rf2 Rc8 30. Kh2 Kg7 31.
g4 h5 32. Kg3 Rh8 {[#]} 33. h4 Kh6 34. gxh5 Kxh5 35. c3 Rg8+ 36. Kh2 Re1 37.
Bxd5 Bxd5 38. Rxd5 Rg4 39. Rd4 Rxd4 40. cxd4 Re3 41. Rc2 Rxd3 42. Rc6 Rxd4 43.
Rxb6 Rxh4+ 44. Kg3 Rxa4 45. Rxf6 Rb4 46. Rxf7 Kg5 47. Ra7 1/2-1/2